Proudhon et l'enseignement du peuple (Record no. 123050)
[ view plain ]
| 000 -LEADER | |
|---|---|
| campo de control de longitud fija | 00576nam a2200181 4500 |
| 001 - NÚMERO DE CONTROL | |
| campo de control | 123050 |
| 003 - IDENTIFICADOR DE NÚMERO DE CONTROL | |
| campo de control | ES-MaACL |
| 005 - FECHA Y HORA DE LA ÚLTIMA TRANSACCIÓN | |
| campo de control | 20230906192112.0 |
| 007 - CAMPO FIJO DE DESCRIPCIÓN FÍSICA--INFORMACIÓN GENERAL | |
| campo de control de longitud fija | t| |
| 008 - DATOS DE LONGITUD FIJA--INFORMACIÓN GENERAL | |
| campo de control de longitud fija | 070214q1920 fr r ||||0| fre d |
| 245 00 - MENCIÓN DEL TÍTULO | |
| Título | Proudhon et l'enseignement du peuple |
| Resto del título | : pages choisies, avec une introduction et des notes / |
| Mención de responsabilidad, etc. | par Aimé Berthod et Guy-Grand. |
| 260 ## - PUBLICACIÓN, DISTRIBUCIÓN, ETC. | |
| Lugar de publicación, distribución, etc. | Paris : |
| Nombre del editor, distribuidor, etc. | E. Chiron, |
| Fecha de publicación, distribución, etc. | [1920?] |
| 300 ## - DESCRIPCIÓN FÍSICA | |
| Extensión | IV, 29 p. |
| 700 1# - ENTRADA AGREGADA--NOMBRE PERSONAL | |
| Nombre de persona | Proudhon, Pierre-Joseph. |
| 9 (RLIN) | 94052 |
| 700 1# - ENTRADA AGREGADA--NOMBRE PERSONAL | |
| Nombre de persona | Berthod, Aimé. |
| 9 (RLIN) | 28451 |
| 700 1# - ENTRADA AGREGADA--NOMBRE PERSONAL | |
| Nombre de persona | Guy-Grand, Georges. |
| 9 (RLIN) | 61262 |
| 852 ## - LOCALIZACIÓN | |
| Ubicación | ES-MaACL |
| Número de control de estantería | 1648-F-9 |
| Estatus retirado | Estado de pérdida | Estado de daño | No para préstamo | Colección | Biblioteca de origen | Biblioteca actual | Ubicación en estantería | Fecha de adquisición | Fuente de adquisición | Total de préstamos | Signatura topográfica completa | Código de barras | Visto por última vez | Precio de reemplazo | Tipo de ítem Koha |
|---|---|---|---|---|---|---|---|---|---|---|---|---|---|---|---|
| Colección de folletos | Biblioteca del Ateneo de Madrid | Biblioteca del Ateneo de Madrid | Depósito folletos | 17/01/2008 | 1648-F-9 | 1128221 | 23/02/2023 | 23/02/2023 | Folleto |
